[Event "Coupe 2000 - Finale"]
[Site "Aurec"]
[Date "2002.06.15"]
[Round "1"]
[White "Perrichon, Jim"]
[Black "Kononov, Alexander"]
[Result "1/2-1/2"]
[WhiteElo "2140"]
[BlackElo "2240"]
[PlyCount "83"]

1. d4 d5 2. Nf3 Bf5 3. g3 e6 4. Bg2 c6 5. b3 Nf6 6. O-O Bd6 7. c4 O-O 8. Nbd2
Nbd7 9. Bb2 Rc8 10. Re1 Bb8 11. Nh4 Bg4 12. Bf3 Bxf3 13. Nhxf3 Ne4 14. Nxe4
dxe4 15. Ne5 f5 16. Nxd7 Qxd7 17. e3 Qf7 18. Ba3 Rfd8 19. Qe2 e5 20. Bb2 exd4
21. Bxd4 c5 22. Bb2 Rd3 23. Rad1 Rcd8 24. Rxd3 Rxd3 25. Rc1 Bc7 26. Bc3 Bd8 27.
h4 Bf6 28. Bxf6 Qxf6 29. Rd1 Qd6 30. Rxd3 exd3 31. Qd2 a6 32. Kf1 b5 33. Ke1 b4
34. Qb2 Qe6 35. Kd2 Qe4 36. Qb1 Qf3 37. Qf1 h6 38. Kxd3 Qe4+ 39. Kd2 Qe5 40.
Qd3 Qb2+ 41. Qc2 Qe5 42. Qd3 1/2-1/2

[Event "Coupe 2000 - Finale"]
[Site "Aurec"]
[Date "2002.06.15"]
[Round "1"]
[White "Perrin, Marc"]
[Black "Miannay, Michel"]
[Result "1/2-1/2"]
[WhiteElo "2096"]
[BlackElo "1790"]
[PlyCount "111"]

1. f4 c5 2. b3 Nc6 3. Bb2 d6 4. Nf3 Bg4 5. e3 e6 6. Bb5 a6 7. Bxc6+ bxc6 8. O-O
Nf6 9. d3 d5 10. Qe1 Be7 11. Nbd2 O-O 12. Ne5 Qc7 13. Nxg4 Nxg4 14. Qg3 Bf6 15.
Bxf6 Nxf6 16. Qh4 Qa5 17. Nf3 Qc3 18. Rac1 Rac8 19. Kh1 c4 20. Ne5 cxb3 21.
axb3 c5 22. Rf3 Qb2 23. Qe1 Rc7 24. Rf2 Rfc8 25. h3 a5 26. Ra1 Ra7 27. Kh2 Rca8
28. Nc6 Ra6 29. Nxa5 d4 30. Rb1 Qc3 31. Qxc3 dxc3 32. Nc4 Nd5 33. e4 Nb4 34.
Ne3 Ra2 35. Kg3 Rb2 36. Rc1 Raa2 37. Nd1 Rxc2 38. Rcxc2 Rxc2 39. Rxc2 Nxc2 40.
Nxc3 Na1 41. Na4 Nxb3 42. Kf2 Kf8 43. Ke1 Ke7 44. Kd1 Kd6 45. Kc2 Nd4+ 46. Kd2
f5 47. Nb6 h5 48. Nc4+ Kc6 49. e5 g5 50. g3 Nf3+ 51. Ke3 Nd4 52. Nd6 Nc2+ 53.
Kf2 Kd5 54. Nf7 gxf4 55. gxf4 h4 56. Ke2 1/2-1/2

[Event "Coupe 2000 - Finale"]
[Site "Aurec"]
[Date "2002.06.15"]
[Round "1"]
[White "Fozzani, Emmanuel"]
[Black "Forget, Cyril"]
[Result "1-0"]
[WhiteElo "1870"]
[BlackElo "1940"]
[PlyCount "83"]

1. Nf3 c5 2. e4 d6 3. d4 cxd4 4. Nxd4 Nf6 5. Nc3 g6 6. Be3 Bg7 7. f3 O-O 8. Qd2
Nc6 9. Bc4 Ne5 10. Bb3 Bd7 11. h4 Qa5 12. h5 Nxh5 13. O-O-O Rfc8 14. Nd5 Qxd2+
15. Rxd2 Kf8 16. g4 Nf6 17. Rdh2 Nxd5 18. Bxd5 Rab8 19. Bh6 Bxh6+ 20. Rxh6 e6
21. Bb3 a5 22. a3 b5 23. Rxh7 Ke7 24. Kb1 b4 25. a4 Nc4 26. g5 Nb6 27. f4 Bxa4
28. Bxe6 Rf8 29. f5 gxf5 30. exf5 Ke8 31. Rh8 Rb7 32. Bb3 Bxb3 33. Rxf8+ Kxf8
34. Nxb3 a4 35. f6 Kg8 36. Nd4 Nd5 37. Nf5 Rd7 38. Rd1 Nf4 39. Rd4 Ne6 40. Rxb4
Nc5 41. Rh4 Rd8 42. Ne7+ 1-0

[Event "Coupe 2000 - Finale"]
[Site "Aurec"]
[Date "2002.06.15"]
[Round "1"]
[White "Groz, Jacky"]
[Black "Viossat, Cyrille"]
[Result "1/2-1/2"]
[WhiteElo "2050"]
[BlackElo "1960"]
[PlyCount "92"]

1. e4 c5 2. c3 e5 3. Nf3 Nc6 4. Bc4 Qc7 5. d3 Nf6 6. Ng5 Nd8 7. O-O h6 8. Nf3
Be7 9. Na3 a6 10. Nc2 b5 11. Bd5 Nxd5 12. exd5 d6 13. c4 O-O 14. Re1 Bg4 15.
Ne3 Bh5 16. Nf5 Re8 17. Qe2 Qd7 18. Ng3 Bg6 19. Nd2 f5 20. b3 Nf7 21. Bb2 b4
22. a3 a5 23. axb4 axb4 24. Qf1 Kh7 25. Rxa8 Rxa8 26. Ra1 Qb7 27. h3 Ra6 28.
Rxa6 Qxa6 29. Qa1 Qxa1+ 30. Bxa1 Bh4 31. Kf1 Bxg3 32. fxg3 f4 33. Ke2 fxg3 34.
Ne4 Bxe4 35. dxe4 Kg6 36. Bb2 Kh5 37. Bc1 Kh4 38. Kf3 g5 39. Bd2 g4+ 40. hxg4
Ng5+ 41. Bxg5+ hxg5 42. Ke2 Kxg4 43. Ke3 Kh4 44. Ke2 g4 45. Kd2 Kg5 46. Ke3 Kf6
1/2-1/2

[Event "Coupe 2000 - Finale"]
[Site "Aurec"]
[Date "2002.06.15"]
[Round "1"]
[White "Denisart, Anthony"]
[Black "Roussiere, Christophe"]
[Result "0-1"]
[WhiteElo "2099"]
[BlackElo "2050"]
[PlyCount "78"]

1. d4 Nf6 2. Nf3 g6 3. Nc3 d5 4. Bf4 c6 5. e3 Bg7 6. Be2 Nbd7 7. h4 b5 8. a3
Qb6 9. Ne5 h5 10. f3 a6 11. Qd2 Nxe5 12. Bxe5 a5 13. Bd3 Be6 14. O-O Bh6 15.
Ne2 Rg8 16. Bf4 g5 17. hxg5 Bxg5 18. Bxg5 Rxg5 19. e4 Rg8 20. c3 dxe4 21. Bxe4
O-O-O 22. Qe3 Bc4 23. Rfe1 Rg7 24. Nf4 Rgg8 25. Bf5+ e6 26. Bd3 Kb8 27. a4 Nd5
28. Nxd5 Bxd5 29. b4 axb4 30. a5 Qc7 31. a6 Ka7 32. Kh1 Rg3 33. Qe5 Qxe5 34.
Rxe5 bxc3 35. Kh2 Rg5 36. Re3 b4 37. Rb1 Rf5 38. f4 Rc8 39. Re2 b3 0-1

[Event "Coupe 2000 - Finale"]
[Site "Aurec"]
[Date "2002.06.15"]
[Round "1"]
[White "Gacogne, Charlie"]
[Black "Soyez, Cyril"]
[Result "0-1"]
[WhiteElo "1950"]
[BlackElo "2070"]
[PlyCount "43"]

1. e4 c5 2. Nc3 g6 3. g3 Bg7 4. Bg2 Nc6 5. d3 e6 6. Nge2 Nge7 7. O-O O-O 8. Be3
Nd4 9. Qd2 f5 10. f4 d5 11. exd5 exd5 12. Nd1 Nxe2+ 13. Qxe2 d4 14. Bd2 Re8 15.
Re1 Qc7 16. Qf3 Rb8 17. b3 Bd7 18. Nb2 Bc6 19. Qf2 Nd5 20. Bxd5+ Bxd5 21. Rxe8+
Rxe8 22. Rc1 0-1

[Event "Coupe 2000 - Finale"]
[Site "Aurec"]
[Date "2002.06.15"]
[Round "1"]
[White "Feller, Sebastien"]
[Black "Litolff, Paul"]
[Result "0-1"]
[WhiteElo "2080"]
[BlackElo "1920"]
[PlyCount "116"]

1. c4 c5 2. Nf3 Nc6 3. d4 cxd4 4. Nxd4 Nf6 5. Nc3 e6 6. Ndb5 d6 7. Bf4 e5 8.
Bg5 a6 9. Na3 Be6 10. g3 h6 11. Bxf6 gxf6 12. Bg2 f5 13. Qd2 h5 14. Rd1 h4 15.
e4 h3 16. Bf3 Nd4 17. Qd3 Qc7 18. exf5 Bxf5 19. Be4 Be6 20. Nd5 Qd8 21. Nc2
Bxd5 22. Bxd5 Qa5+ 23. Rd2 Nxc2+ 24. Qxc2 Bh6 25. f4 O-O-O 26. Qf5+ Kb8 27.
Qxf7 Qb6 28. Rd3 exf4 29. Rb3 Rde8+ 30. Kf1 fxg3 31. hxg3 Rhf8 32. Rxb6 Rxf7+
33. Bxf7 Rf8 34. Rxh3 Rxf7+ 35. Kg2 Be3 36. Rh8+ Kc7 37. Rb3 Bd4 38. Kh3 Bxh8
39. Rd3 Bxb2 40. Rd2 Be5 41. Rd3 Kc6 42. Rd5 Rf3 43. Kh4 Bxg3+ 44. Kg4 Ra3 45.
Rg5 Be5 46. Kf5 Rxa2 47. Rg4 a5 48. Ke4 a4 49. Rg8 a3 50. Rc8+ Kd7 51. Rb8 Kc7
52. Rf8 Ra1 53. Kd5 Rd1+ 54. Ke4 a2 55. c5 a1=Q 56. cxd6+ Bxd6 57. Rf7+ Kc6 58.
Rf3 Qe5# 0-1

[Event "Coupe 2000 - Finale"]
[Site "Aurec"]
[Date "2002.06.15"]
[Round "1"]
[White "Pacchioni, Fabien"]
[Black "Iglesias, Joachim"]
[Result "1/2-1/2"]
[WhiteElo "1830"]
[BlackElo "1970"]
[PlyCount "62"]

1. e4 e6 2. Nf3 d5 3. exd5 exd5 4. d4 Bd6 5. Bd3 Ne7 6. h3 O-O 7. O-O Bf5 8.
Nc3 c6 9. Re1 Bxd3 10. Qxd3 Ng6 11. Bd2 Nd7 12. Re2 Nb6 13. b3 Bf4 14. Rae1 Qf6
15. g3 Bxd2 16. Nxd2 Qg5 17. Nf3 Qh5 18. Kg2 f5 19. Ne5 f4 20. Kh2 f3 21. Re3
Nxe5 22. dxe5 d4 23. Qxd4 Rad8 24. Qh4 Qxh4 25. gxh4 Rd2 26. Kg3 Rxc2 27. e6
Nd5 28. Nxd5 cxd5 29. e7 Re8 30. a4 d4 31. Rxf3 Rc6 1/2-1/2

[Event "Coupe 2000 - Finale"]
[Site "Aurec"]
[Date "2002.06.15"]
[Round "1"]
[White "Le Corre, Benjamin"]
[Black "Graillon, David"]
[Result "1/2-1/2"]
[WhiteElo "2090"]
[BlackElo "1970"]
[PlyCount "35"]

1. e4 e5 2. Nf3 f5 3. d3 Nf6 4. Nc3 Bb4 5. exf5 d6 6. Bd2 Bxf5 7. Be2 O-O 8.
O-O Nbd7 9. a3 Ba5 10. Nd5 Nxd5 11. Bxa5 Nf4 12. h3 Bxh3 13. gxh3 Nxh3+ 14. Kh2
Rxf3 15. Bxf3 Qh4 16. Kg2 Nf4+ 17. Kg1 Nh3+ 18. Kg2 1/2-1/2

[Event "Coupe 2000 - Finale"]
[Site "Aurec"]
[Date "2002.06.15"]
[Round "1"]
[White "Testard, Philippe"]
[Black "Stankovic, Serge"]
[Result "1-0"]
[WhiteElo "1960"]
[BlackElo "2089"]
[PlyCount "59"]

1. d4 e5 2. dxe5 Nc6 3. Nf3 d5 4. g3 f6 5. exf6 Nxf6 6. Bg2 Bc5 7. O-O O-O 8.
Nbd2 Bg4 9. a3 a5 10. c4 d4 11. Nb3 Ba7 12. Bg5 a4 13. Nc1 h6 14. Bf4 g5 15.
Bd2 Ne4 16. Nd3 Na5 17. Bxa5 h5 18. h3 Bf5 19. h4 gxh4 20. Nxh4 Bh7 21. Bd2 Qf6
22. Rc1 Qg7 23. c5 Nxg3 24. fxg3 Qxg3 25. Nf3 Be4 26. Be1 Qg7 27. Qxa4 Rf6 28.
Qc4+ Kh8 29. Qxd4 Bc6 30. Bc3 1-0

[Event "Coupe 2000 - Finale"]
[Site "Aurec"]
[Date "2002.06.15"]
[Round "1"]
[White "Le Goff, Francois-Xavier"]
[Black "Celette, Robert"]
[Result "0-1"]
[WhiteElo "1910"]
[BlackElo "1990"]
[PlyCount "78"]

1. e4 c5 2. Nf3 e6 3. d4 cxd4 4. Nxd4 a6 5. Bd3 Nc6 6. Nb3 Nf6 7. f4 Be7 8. Be3
d6 9. O-O O-O 10. N1d2 b5 11. Qf3 e5 12. Rad1 Bg4 13. Qf2 Bxd1 14. Rxd1 Ng4 15.
Qe2 Nxe3 16. Qxe3 Nb4 17. Nf3 Nxd3 18. Rxd3 exf4 19. Qxf4 Qb6+ 20. Kh1 Qf2 21.
Nbd2 Rac8 22. c3 Qe2 23. Re3 Qd1+ 24. Re1 Qc2 25. Nd4 Qxb2 26. Nf5 Bf6 27. Nxd6
Rxc3 28. Nf3 Qb4 29. Rd1 h6 30. Qg3 Qa4 31. Rf1 Re3 32. Nf5 Qxe4 33. Nxh6+ Kh8
34. Ng4 Ra3 35. Rd1 Rxa2 36. h3 Ra1 37. Rxa1 Bxa1 38. Ng5 Qg6 39. Qh4+ Kg8 0-1

[Event "Coupe 2000 - Finale"]
[Site "Aurec"]
[Date "2002.06.15"]
[Round "1"]
[White "Chomier, Frederic"]
[Black "Berthiaud, Patrick"]
[Result "1-0"]
[WhiteElo "2020"]
[BlackElo "1640"]
[PlyCount "79"]

1. e4 c6 2. d4 d5 3. e5 Bf5 4. Bd3 Bxd3 5. Qxd3 e6 6. f4 c5 7. Nf3 Nc6 8. c3
cxd4 9. Nxd4 Bc5 10. Nd2 a6 11. N2b3 Ba7 12. Be3 Nge7 13. O-O Rc8 14. Rac1 O-O
15. Kh1 Nxd4 16. Bxd4 Bxd4 17. Nxd4 Qb6 18. Rc2 Nc6 19. Rd2 Nxd4 20. Qxd4 Qxd4
21. Rxd4 Rc5 22. g4 g6 23. Kg2 Rfc8 24. Kf3 Rc4 25. Rfd1 Kf8 26. Ke3 Ke7 27.
Rxc4 Rxc4 28. Rd4 Rc6 29. h4 h6 30. Rb4 b5 31. Kd4 f6 32. a4 fxe5+ 33. Kxe5 Rc4
34. Rxc4 bxc4 35. a5 Kf7 36. Kd6 Kf6 37. Kc6 g5 38. fxg5+ Kg6 39. gxh6 Kxh6 40.
Kd6 1-0

[Event "Coupe 2000 - Finale"]
[Site "Aurec"]
[Date "2002.06.15"]
[Round "1"]
[White "Scandella, Thierry"]
[Black "Parnet, Arnaud"]
[Result "1-0"]
[WhiteElo "2100"]
[BlackElo "1910"]
[PlyCount "59"]

1. d4 Nf6 2. c4 e6 3. Nc3 Bb4 4. e3 c5 5. Nge2 O-O 6. a3 cxd4 7. axb4 dxc3 8.
Nxc3 Nc6 9. b5 Ne7 10. Be2 d5 11. b3 b6 12. O-O Bb7 13. Qc2 Qc7 14. Ra4 Rfd8
15. Qa2 Nf5 16. Nd1 Nd6 17. Bb2 Nd7 18. Nc3 Nc5 19. Ra3 dxc4 20. bxc4 a5 21.
bxa6 Nxa6 22. Nb5 Nxb5 23. cxb5 Nc5 24. Qc4 Rxa3 25. Bxa3 Bd5 26. Qc3 Qb7 27.
f3 Qc7 28. Rc1 Rc8 29. e4 Bb7 30. Qe3 1-0

[Event "Coupe 2000 - Finale"]
[Site "Aurec"]
[Date "2002.06.15"]
[Round "1"]
[White "Dieudonne, Christian"]
[Black "Kousnetsoff, Dimitri"]
[Result "0-1"]
[WhiteElo "2010"]
[BlackElo "2070"]
[PlyCount "88"]

1. d4 Nf6 2. Nf3 g6 3. c4 Bg7 4. Nc3 d6 5. e4 O-O 6. h3 Nbd7 7. Be2 e5 8. d5
Ne8 9. Bg5 f6 10. Bh4 Bh6 11. Nh2 Nc5 12. b4 Na6 13. a3 c6 14. O-O Qb6 15. Na4
Qc7 16. Bg3 f5 17. f3 Qe7 18. Bf2 Nac7 19. c5 Rf6 20. Qd3 Bd7 21. cxd6 Nxd6 22.
Nc5 cxd5 23. exd5 Bb5 24. Qc2 Bxe2 25. Qxe2 Nxd5 26. Qa2 Qf7 27. Rfd1 Nc3 28.
Qxf7+ Kxf7 29. Rd3 Ne2+ 30. Kf1 Nf4 31. Rc3 Nb5 32. Re3 Bg7 33. a4 Nd6 34. Rxe5
Nc4 35. Ree1 Rb6 36. b5 Bxa1 37. Rxa1 Na5 38. Rd1 Re8 39. Rd4 g5 40. Be1 Rxe1+
41. Kxe1 Nxg2+ 42. Kf2 Nf4 43. Nf1 Nxh3+ 44. Kg3 Nf4 0-1

[Event "Coupe 2000 - Finale"]
[Site "Aurec"]
[Date "2002.06.15"]
[Round "1"]
[White "Nowocien, Anthony"]
[Black "Poirot, Eric"]
[Result "1/2-1/2"]
[WhiteElo "1870"]
[BlackElo "1980"]
[PlyCount "61"]

1. e4 c5 2. c3 d5 3. exd5 Qxd5 4. d4 e5 5. dxe5 Qxe5+ 6. Be2 Nf6 7. Nf3 Qd5 8.
O-O Be7 9. Na3 O-O 10. Nb5 Na6 11. Bg5 Rd8 12. Qxd5 Nxd5 13. Bxe7 Nxe7 14. Rad1
Be6 15. Nd6 Rd7 16. Ne5 Rc7 17. Bf3 Nc6 18. Nxc6 bxc6 19. Be2 c4 20. Bxc4 Bxc4
21. Nxc4 Nc5 22. Rd4 Re7 23. Rfd1 f6 24. Rd8+ Rxd8 25. Rxd8+ Kf7 26. Kf1 Rc7
27. Ke2 Ke7 28. Rd4 Rb7 29. b4 Ne6 30. Re4 Rb5 31. a4 1/2-1/2

[Event "Coupe 2000 - Finale"]
[Site "Aurec"]
[Date "2002.06.15"]
[Round "1"]
[White "Devaux, Frederic"]
[Black "Pantioukhine, Slava"]
[Result "0-1"]
[WhiteElo "1770"]
[BlackElo "1810"]
[PlyCount "110"]

1. e4 Nf6 2. e5 Nd5 3. d4 d6 4. Nf3 Bg4 5. Be2 Nc6 6. c4 Nb6 7. exd6 cxd6 8.
O-O g6 9. Be3 Bg7 10. Nc3 O-O 11. Rc1 Bxf3 12. Bxf3 Nxc4 13. b3 Nxe3 14. fxe3
Rc8 15. Bg4 f5 16. Be2 Kh8 17. Kh1 e5 18. dxe5 dxe5 19. Qe1 e4 20. Bc4 Ne5 21.
Rd1 Qa5 22. Nd5 Qxe1 23. Rfxe1 Nxc4 24. bxc4 Rxc4 25. Nf4 Rfc8 26. h3 Rc2 27.
a4 Bc3 28. Rf1 Bd2 29. Nd5 Rc1 30. g4 Rxd1 31. Rxd1 Rc1 32. Rxc1 Bxc1 33. Kg2
Kg7 34. Kg3 Kf7 35. Kf4 fxg4 36. hxg4 a6 37. Kxe4 h5 38. gxh5 gxh5 39. Kf5 Bd2
40. Kg5 Ke6 41. Nf4+ Ke5 42. Nd3+ Kd5 43. Kxh5 Bxe3 44. Kg4 Kc4 45. Ne5+ Kb4
46. Kf3 Bd4 47. Nd3+ Kxa4 48. Ke4 Ba7 49. Kd5 Kb3 50. Nc1+ Kc2 51. Na2 Kb2 52.
Nb4 a5 53. Nd3+ Kc3 54. Nc1 b5 55. Ne2+ Kd2 0-1

[Event "Coupe 2000 - Finale"]
[Site "Aurec"]
[Date "2002.06.15"]
[Round "1"]
[White "Neto, Jeremy"]
[Black "Simon, Leopold"]
[Result "1/2-1/2"]
[WhiteElo "2240"]
[BlackElo "2010"]
[PlyCount "56"]

1. e4 e6 2. d3 d5 3. Nd2 Nd7 4. g3 Ngf6 5. Bg2 dxe4 6. dxe4 Be7 7. Ne2 O-O 8.
O-O Rb8 9. h3 b6 10. Nc3 Bb7 11. Re1 Bb4 12. Nb3 Bxc3 13. bxc3 c5 14. a4 Qc8
15. f4 Rd8 16. Qe2 Bc6 17. g4 Qb7 18. Bb2 Nf8 19. c4 Ne8 20. e5 Bxg2 21. Qxg2
Qxg2+ 22. Kxg2 Ng6 23. Kg3 Ne7 24. Rad1 Nc6 25. Bc3 Nc7 26. Rd2 Rxd2 27. Nxd2
Kf8 28. Re2 Nd4 1/2-1/2

[Event "Coupe 2000 - Finale"]
[Site "Aurec"]
[Date "2002.06.15"]
[Round "1"]
[White "Budima, Muharem"]
[Black "Lacour, Marc"]
[Result "1/2-1/2"]
[WhiteElo "2080"]
[BlackElo "1870"]
[PlyCount "166"]

1. d4 Nf6 2. c4 e6 3. a3 c5 4. d5 exd5 5. cxd5 d6 6. Nc3 Nbd7 7. e4 Ne5 8. h3
Be7 9. f4 Ng6 10. Nf3 O-O 11. Bd3 Nh5 12. O-O Nhxf4 13. Bxf4 Nxf4 14. Bc2 f6
15. Ne2 Ng6 16. Ng3 Ne5 17. Nh4 g6 18. Qd2 Qe8 19. Qh6 Qf7 20. Nf3 Bd7 21. Rf2
Qg7 22. Qe3 b5 23. Raf1 Bd8 24. b3 Bb6 25. Kh2 Nxf3+ 26. Rxf3 Rae8 27. Qf4 Re5
28. Qh4 Bd8 29. Qf4 g5 30. Qd2 g4 31. Nf5 Bxf5 32. Rxf5 g3+ 33. Kh1 Kh8 34.
R1f4 Qh6 35. Qe2 Rg8 36. Qf3 Rg5 37. Rxe5 dxe5 38. Rg4 Rxg4 39. Qxg4 Qg5 40.
Bd1 Qxg4 41. Bxg4 c4 42. bxc4 bxc4 43. Kg1 c3 44. Bd1 Bb6+ 45. Kf1 Kg7 46. Ke2
Kf7 47. Kf3 Bf2 48. Kg4 h6 49. Kf5 Be3 50. h4 Ke7 51. Bb3 Bc5 52. a4 a5 53. Bc2
Kf7 54. h5 Ke7 55. Kg6 Be3 56. Kg7 Bf4 57. Bb3 Be3 58. Kg6 Kd7 59. Bc2 Bg5 60.
Kf5 Kd6 61. Kg4 Bf4 62. Kf3 Kc5 63. Ke2 Bg5 64. Kd3 Bd2 65. Bb3 Be1 66. Bc2 Bd2
67. Ke2 Kd6 68. Kf3 Bf4 69. Kg4 Kc5 70. Bb1 Kd6 71. Kf5 Bg5 72. Bc2 Ke7 73. Kg6
Kd6 74. Bb3 Kc5 75. Kf5 Kd6 76. Bc2 Ke7 77. Kg4 Bf4 78. Kf3 Kd6 79. Ke2 Kc5 80.
Kd3 Bd2 81. Bb3 Be1 82. Bd1 Bd2 83. Bg4 Be1 1/2-1/2

[Event "Coupe 2000 - Finale"]
[Site "Aurec"]
[Date "2002.06.15"]
[Round "1"]
[White "Grauffel, Mathieu"]
[Black "Vincent, Bernard"]
[Result "0-1"]
[WhiteElo "1700"]
[BlackElo "1850"]
[PlyCount "66"]

1. e4 e6 2. d4 d5 3. exd5 exd5 4. c4 c6 5. Nc3 Be7 6. Bd3 Nf6 7. Nf3 Bg4 8. Qb3
Bxf3 9. gxf3 Qd7 10. Bf4 O-O 11. O-O-O dxc4 12. Qxc4 b5 13. Qb3 a5 14. Rhg1 g6
15. Bxg6 hxg6 16. Rxg6+ Kh8 17. Rh6+ Nh7 18. Qc2 f5 19. Be5+ Bf6 20. Qe2 Qg7
21. Rh5 Bxe5 22. dxe5 Na6 23. e6 Ra7 24. Qe3 Re7 25. Qb6 Nb4 26. Qxa5 Nd5 27.
Nxd5 cxd5 28. Qxb5 Rc8+ 29. Kb1 Qg6 30. Rh4 f4+ 31. Qd3 Qxd3+ 32. Rxd3 Rxe6 33.
Rxd5 Re1+ 0-1

[Event "Coupe 2000 - Finale"]
[Site "Aurec"]
[Date "2002.06.15"]
[Round "1"]
[White "Blanchard, David"]
[Black "Baran, Pascal"]
[Result "1/2-1/2"]
[WhiteElo "1680"]
[BlackElo "1810"]
[PlyCount "72"]

1. d4 e6 2. e4 c5 3. Nf3 cxd4 4. Nxd4 Nc6 5. Be3 Nf6 6. Nd2 d5 7. exd5 Nxd5 8.
Nxc6 bxc6 9. Bd4 c5 10. Be5 f6 11. Bg3 Be7 12. Bb5+ Bd7 13. Bxd7+ Qxd7 14. Qg4
O-O 15. O-O f5 16. Qh3 f4 17. Bh4 Nf6 18. Bxf6 Rxf6 19. Ne4 Rh6 20. Qc3 Qc7 21.
f3 Rf8 22. Nf2 Bf6 23. Qb3 Bd4 24. Kh1 Qe7 25. Ng4 Rh4 26. Rae1 h5 27. c3 hxg4
28. cxd4 gxf3 29. Qxe6+ Qxe6 30. Rxe6 fxg2+ 31. Kxg2 f3+ 32. Kg3 Rxd4 33. Rxf3
Rxf3+ 34. Kxf3 Rd2 35. Re2 Rxe2 36. Kxe2 Kf7 1/2-1/2

[Event "Coupe 2000 - Finale"]
[Site "Aurec"]
[Date "2002.06.15"]
[Round "1"]
[White "Garon, Pierre"]
[Black "Troubat, Michael"]
[Result "0-1"]
[WhiteElo "2010"]
[BlackElo "1890"]
[PlyCount "50"]

1. c4 e6 2. Nc3 d5 3. d4 f5 4. Nf3 Nf6 5. Bf4 c6 6. e3 Bd6 7. Bxd6 Qxd6 8. Bd3
O-O 9. Qc2 Ne4 10. O-O Nd7 11. Nd2 Rf6 12. Ne2 Rh6 13. g3 Ndf6 14. f3 Ng5 15.
Rae1 Bd7 16. e4 fxe4 17. fxe4 Ng4 18. c5 Qe7 19. h4 Nh3+ 20. Kh1 Rxh4 21. gxh4
Qxh4 22. Nf3 Nhf2+ 23. Kg2 Qh3+ 24. Kg1 Qxf3 25. Nf4 Qh1# 0-1

[Event "Coupe 2000 - Finale"]
[Site "Aurec"]
[Date "2002.06.15"]
[Round "1"]
[White "Bellon, Yves"]
[Black "Troubat, Nicolas"]
[Result "1-0"]
[WhiteElo "1950"]
[BlackElo "1800"]
[PlyCount "59"]

1. c4 e6 2. e4 c5 3. Nc3 Nc6 4. Nf3 Nf6 5. d3 d5 6. Bg5 dxe4 7. dxe4 Be7 8. Be2
O-O 9. O-O h6 10. Bh4 Bd7 11. Bg3 Nh5 12. Bd6 Nf6 13. e5 Bxd6 14. Qxd6 Ne8 15.
Qxc5 b6 16. Qe3 Qe7 17. Rad1 f6 18. Rd2 fxe5 19. Nxe5 Nxe5 20. Qxe5 Nf6 21. Bf3
Rac8 22. b3 Rc5 23. Qe2 Bc8 24. Rfd1 g5 25. Nd5 Nxd5 26. cxd5 Rd8 27. b4 Rc3
28. d6 Qf6 29. d7 Qf4 30. Qxe6+ 1-0

[Event "Coupe 2000 - Finale"]
[Site "Aurec"]
[Date "2002.06.15"]
[Round "1"]
[White "Viallat, Gilles"]
[Black "Verdelli, Maximilien"]
[Result "0-1"]
[WhiteElo "1800"]
[BlackElo "1830"]
[PlyCount "66"]

1. c4 Nf6 2. Nf3 g6 3. d4 Bg7 4. e3 d6 5. Nc3 O-O 6. Be2 Nbd7 7. O-O Re8 8. e4
e5 9. d5 Nh5 10. Nd2 Nf4 11. Bf3 a5 12. Ne2 Nd3 13. Nb3 Nxc1 14. Rxc1 b6 15.
Nc3 f5 16. g3 Nf6 17. Bg2 f4 18. Qd3 g5 19. h3 h5 20. gxf4 gxf4 21. f3 Nh7 22.
Rf2 Kh8 23. Bf1 Rg8 24. Kh1 Bf6 25. Rh2 Bh4 26. Rcc2 Bg3 27. Rcg2 Qh4 28. Ne2
Bd7 29. Ng1 Rg7 30. Nc1 Rag8 31. Nce2 Bxh2 32. Rxg7 Rxg7 33. Kxh2 Qf2+ 0-1

[Event "Coupe 2000 - Finale"]
[Site "Aurec"]
[Date "2002.06.15"]
[Round "1"]
[White "Foulon, Thibaut"]
[Black "Rauzieres, William"]
[Result "1/2-1/2"]
[WhiteElo "1900"]
[BlackElo "2020"]
[PlyCount "63"]

1. e4 c5 2. Nf3 d6 3. d4 cxd4 4. Nxd4 Nf6 5. Nc3 a6 6. Bd3 g6 7. O-O Bg7 8. Be3
Nc6 9. Nde2 b5 10. Rb1 Bb7 11. f4 Ng4 12. Qd2 Rc8 13. h3 Nxe3 14. Qxe3 O-O 15.
f5 Ne5 16. fxg6 hxg6 17. Nd5 e6 18. Ndf4 Nc4 19. Bxc4 Rxc4 20. c3 Rxe4 21. Qd3
Rc4 22. Rbd1 Qb6+ 23. Kh1 d5 24. Nxg6 fxg6 25. Rxf8+ Kxf8 26. Rf1+ Ke7 27. Qxg6
Be5 28. Qf7+ Kd6 29. Qf8+ Kc6 30. Qe8+ Kd6 31. Qf8+ Kc6 32. Qe8+ 1/2-1/2

[Event "Coupe 2000 - Finale"]
[Site "Aurec"]
[Date "2002.06.15"]
[Round "1"]
[White "Campo, Alain"]
[Black "Valjan, Berislav"]
[Result "1-0"]
[WhiteElo "1820"]
[BlackElo "1730"]
[PlyCount "91"]

1. e4 c5 2. Nf3 Nc6 3. d4 cxd4 4. Nxd4 e6 5. Nc3 a6 6. Be2 Bb4 7. O-O Bxc3 8.
bxc3 Nge7 9. f4 O-O 10. Bd3 e5 11. fxe5 Nxe5 12. Nf5 g6 13. Nxe7+ Qxe7 14. Bh6
Re8 15. Qe1 d6 16. Qg3 Be6 17. Bg5 Qc7 18. h3 h5 19. Bf6 Kh7 20. Qg5 Qc5+ 21.
Kh1 Rac8 22. g4 Nxd3 23. cxd3 Qxg5 24. Bxg5 Rxc3 25. Rf3 Rec8 26. gxh5 gxh5 27.
Rg1 Rc2 28. Rf6 Bxh3 29. Bf4 Bg4 30. Rh6+ Kg7 31. Rxh5 Kg6 32. Rg5+ Kf6 33.
R1xg4 Rxa2 34. Rg2 Ra1+ 35. Rg1 Rh8+ 36. Kg2 Ra3 37. Rg3 Ra2+ 38. Kf3 Rc8 39.
Bxd6 Rd8 40. e5+ Ke6 41. R1g2 Ra4 42. Rg4 Ra1 43. d4 Rc8 44. Rg8 Rf1+ 45. Ke2
Rf5 46. Rxc8 1-0

[Event "Coupe 2000 - Finale"]
[Site "Aurec"]
[Date "2002.06.15"]
[Round "1"]
[White "Chabas, Jean-Luc"]
[Black "Gomard, Alexandre"]
[Result "0-1"]
[WhiteElo "1710"]
[BlackElo "1840"]
[PlyCount "86"]

1. e4 e6 2. d4 d5 3. exd5 exd5 4. Bd3 Bd6 5. Nf3 Ne7 6. O-O Bf5 7. Re1 Bxd3 8.
Qxd3 O-O 9. Nbd2 c6 10. Nb3 Nd7 11. Be3 Qc7 12. Re2 Nf6 13. h3 Ne4 14. Ng5 Nxg5
15. Bxg5 Ng6 16. Qf3 b6 17. Rc1 h6 18. Bd2 Qd7 19. c4 Rae8 20. Rxe8 Rxe8 21.
cxd5 cxd5 22. Be3 Nh4 23. Qh5 Nf5 24. Qf3 Nxe3 25. fxe3 Bb4 26. Rc2 Qa4 27. Rc7
Rf8 28. Qxd5 Qxa2 29. e4 a5 30. Rd7 Qb1+ 31. Kh2 Qxb2 32. e5 a4 33. Na1 Qxa1
34. e6 fxe6 35. Qxe6+ Kh8 36. Qg6 Rg8 37. Qxb6 Bc3 38. Rd6 Qc1 39. Rd8 Qf4+ 40.
Kg1 Rxd8 41. Qxd8+ Kh7 42. d5 Bd4+ 43. Kh1 Qf1+ 0-1

[Event "Coupe 2000 - Finale"]
[Site "Aurec"]
[Date "2002.06.15"]
[Round "1"]
[White "Le Basnier, Yoann"]
[Black "Valet, Godeffroy"]
[Result "0-1"]
[WhiteElo "1630"]
[BlackElo "1630"]
[PlyCount "44"]

1. e4 e6 2. d4 d5 3. exd5 exd5 4. c3 Be6 5. Nf3 Bd6 6. Bd3 c6 7. O-O Nf6 8. Qc2
O-O 9. Ng5 h6 10. Nxe6 fxe6 11. Nd2 Qc7 12. Nf3 Nbd7 13. Re1 e5 14. dxe5 Nxe5
15. Nxe5 Bxe5 16. h3 Rae8 17. Bd2 Nd7 18. Qd1 Bh2+ 19. Kh1 Ne5 20. Bc2 Rxf2 21.
Kxh2 Nf3+ 22. Kh1 Qh2# 0-1

[Event "Coupe 2000 - Finale"]
[Site "Aurec"]
[Date "2002.06.15"]
[Round "1"]
[White "Barthelemy, Jerome"]
[Black "Razafison, Ulrich"]
[Result "0-1"]
[WhiteElo "1410"]
[BlackElo "1499"]
[PlyCount "114"]

1. d4 Nf6 2. c4 e6 3. a3 b6 4. Nc3 Bb7 5. Qc2 Nc6 6. Nf3 d5 7. cxd5 Nxd5 8.
Nxd5 Qxd5 9. e4 Qd6 10. Bb5 O-O-O 11. Bxc6 Qxc6 12. Qxc6 Bxc6 13. Ne5 Be8 14.
Be3 f6 15. Nf3 Bc6 16. Nd2 f5 17. f3 g6 18. O-O Bg7 19. e5 h5 20. Rac1 Bb5 21.
Rf2 Rhf8 22. f4 Bh6 23. b3 Rg8 24. h4 Bf8 25. a4 Ba6 26. Nc4 Be7 27. Nd6+ Bxd6
28. exd6 Rxd6 29. Rfc2 Rg7 30. Rc6 Rgd7 31. Rxd6 Rxd6 32. Kf2 Kd7 33. b4 Bb7
34. g3 Rc6 35. Rxc6 Bxc6 36. b5 Be4 37. Ke2 Bc2 38. a5 Ba4 39. axb6 cxb6 40.
Kd2 Bxb5 41. Kc3 Kc6 42. Kb4 a5+ 43. Kb3 Kd5 44. Bf2 Bc6 45. Be1 a4+ 46. Kc3 b5
47. Bf2 Ke4 48. Kb4 Kf3 49. Be1 Ke2 50. Bc3 Kf2 51. Kc5 Bd5 52. Kxb5 a3 53. Kc5
Kxg3 54. Kd6 Kxf4 55. Ke7 Kg4 56. Kf6 Kxh4 57. Kxg6 Kg4 0-1

[Event "Coupe 2000 - Finale"]
[Site "Aurec"]
[Date "2002.06.15"]
[Round "2"]
[White "Graillon, David"]
[Black "Perrichon, Jim"]
[Result "1/2-1/2"]
[WhiteElo "1970"]
[BlackElo "2140"]
[PlyCount "63"]

1. d4 Nf6 2. Nf3 g6 3. g3 Bg7 4. Bg2 O-O 5. O-O d6 6. c4 Nbd7 7. Nc3 c5 8. e4
cxd4 9. Nxd4 a6 10. Be3 Ne5 11. b3 Neg4 12. Bc1 Rb8 13. h3 Ne5 14. Be3 Qa5 15.
Qd2 Kh8 16. Rac1 Bd7 17. Rfd1 b5 18. cxb5 axb5 19. f4 Nc6 20. Nxc6 Bxc6 21. Nd5
Qxd2 22. Rxd2 Nxd5 23. exd5 Bd7 24. Rdc2 b4 25. g4 Rfc8 26. Kf2 Bc3 27. Bf1 Kg7
28. Bc4 h5 29. Kg3 hxg4 30. hxg4 Bb5 31. Bxb5 Rxb5 32. Bd4+ 1/2-1/2